| 000 | 01395cam a22003131i 4500 | ||
|---|---|---|---|
| 003 | SA-RiAUC | ||
| 005 | 20250818053946.0 | ||
| 008 | 250801s2008 ku g b 00010dara c | ||
| 040 |
_aSA-MaTUM _bara _cSA-RiAUC _erda |
||
| 082 | 0 | 4 | _a237.3 |
| 090 |
_a237.3 _b غ ل ب |
||
| 100 | 1 |
_aالغلبزوري، توفيق، _d1963- _eمؤلف. |
|
| 245 | 1 | 2 |
_aالإمام محيي السنة البغوي ومنهجه في شرح السنة النبوية / _cتوفيق الغلبزوري ؛ تقديم بدر بن عبد الله البدر. |
| 250 | _aالطبعة الأولى. | ||
| 264 | 1 |
_aالكويت : _bغراس للنشر والتوزيع، _c2008 |
|
| 300 |
_a433 صفحة ؛ _c24 سم |
||
| 336 |
_aنص _btxt _2rdacontent _3كتاب |
||
| 337 |
_aبدون وسيط _bn _2rdamedia |
||
| 338 |
_aمجلد _bnc _2rdacarrier |
||
| 504 | _aببليوجرافية : صفحة 411-423. | ||
| 600 | 1 | 7 |
_aالبغوي، الحسين بن مسعود بن محمد، _d436-510 هجري _2aucnm |
| 650 | 7 |
_aالحديث _xشرح _2aucsh |
|
| 650 | 7 |
_aالحديث _xجوامع الفنون _2aucsh |
|
| 700 | 1 |
_aالبدر، بدر الدين عبد الله _eمقدم. |
|
| 700 | 1 | 2 |
_aالبغوي، الحسين بن مسعود بن محمد، _d436-510 هجري. _tشرح السنة. |
| 740 | 0 | 2 | _aشرح السنة. |
| 942 |
_2ddc _cBOOK _n0 |
||
| 949 |
_aSA-JeALM _d250801 _umohamedma123 _n1 |
||
| 999 |
_c10907 _d10907 |
||